000 00559nam a2200229Ia 4500
003 OSt
005 20220918183633.0
006 a|||||r|||| 00| 0
007 ta
008 220917b |||||||| |||| 00| 0 eng d
024 _a39,367
037 _cTextual
040 _aARTS
_cARTS
_beng
041 _2eng
_aeng
082 _aO15,2D40x, 5932K1
100 _aKalidasa
245 0 _aValogatott muvei
260 _c1961
650 _aSANSKRIT LITERATURE
942 _hO15,2D40x, 5932K1
_cTEXL
_2CC
999 _c173282
_d173282